Data Structures Using C (Record no. 14745)
[ view plain ]
| 000 -LEADER | |
|---|---|
| fixed length control field | 00374nam a22001577a 4500 |
| 020 ## - INTERNATIONAL STANDARD BOOK NUMBER | |
| ISBN | 9788131702291 |
| 082 ## - DEWEY DECIMAL CLASSIFICATION NUMBER | |
| Classification number | 005.133 |
| Item number | TEN/DA |
| 100 ## - MAIN ENTRY--AUTHOR NAME | |
| Personal name | Tenenbaum,Aaron M. |
| 100 ## - MAIN ENTRY--AUTHOR NAME | |
| Personal name | Langsam,Yedidyah |
| 100 ## - MAIN ENTRY--AUTHOR NAME | |
| Personal name | Augenstein,Moshe J. |
| 245 ## - TITLE STATEMENT | |
| Title | Data Structures Using C |
| 250 ## - EDITION STATEMENT | |
| Edition statement | 1 |
| 260 ## - PUBLICATION, DISTRIBUTION, ETC. (IMPRINT) | |
| Place of publication | Noida |
| Name of publisher | Pearson |
| Year of publication | 2011 |
| 300 ## - PHYSICAL DESCRIPTION | |
| Number of Pages | 656 |
| 942 ## - ADDED ENTRY ELEMENTS (KOHA) | |
| Koha item type | Book Bank scheme for SC students |
| Withdrawn status | Lost status | Damaged status | Home library | Current library | Shelving location | Date acquired | Source of acquisition | Cost, normal purchase price | Full call number | Accession Number | Koha item type |
|---|---|---|---|---|---|---|---|---|---|---|---|
| KAUAET | KAUAET | Scheme | 27/08/2016 | Dream Tech Publishers & Book Sellers, Thiruvanathapuram. | 669.00 | 005.133 TEN/DA | BB 375 | Book Bank scheme for SC students | |||
| KAUAET | KAUAET | 29/05/2018 | 669.00 | 005.133 TEN/DA | BB 388 | Book Bank scheme for SC students |
